000 00811cab a2200241 4500
001 WB3503-32
008 090401t1999 xxu||||| |||| 00| 0 eng d
035 _a(Sirsi) u90777
041 _aeng
245 _aScots reform moves concern
260 _c1999
350 _a0
490 _aFarmers' Weekly
_v130(3) 15 January 1999, 82(1)
520 _aFPDSavills has voiced concern over some of the proposals to reform Scottish land policy. Objections include the introduction of a land tax which could reduce investment, the lack of recognition for sporting enterprises and a general lack of definition of terms.
650 _aLAND OWNERSHIP
650 _aLAND REFORM
650 _aLAND VALUES
650 _aRIGHT TO BUY
650 _aSCOTLAND
690 _aLAND
942 _n0
948 _c19/01/1999
999 _c57570
_d57570